Gay Tribes - Statistiken

Allgemein
  • Dieses Quiz wurde 48 mal gespielt
  • Das Durchschnittsergebnis liegt bei 3 aus 10
Antwortstatistiken
Hint Antwort % Korrekt
Junge Typen, die schlank und unbehaart sind. Twink
95%
ältere schwule Männer (ab etwa 40 Jahre). Daddy
55%
junge, muskulöse Typen mit einem breiten Kreuz. Hunk
47%
kräftige, behaarte Männer (meistens mit Bart) Bears
39%
behaarte, athletische Männer. Schlanke Bären Otter
37%
Ein schwuler Mann mit einem Leder-Fetisch Leather
18%
sportliche Typen – denen im Gegensatz zu Hunks jedoch mangelnde Intelligenz nachgesagt wird Jock
16%
Dicke Schwule (im Gegensatz zu Bären jedoch mit wenig Körperbehaarung) Chubbies
11%
Schwule Männer mit kurzen, gekämmte Haaren, glatt rasiert, gut gekleidet und gepflegt Clean-Cut
3%
Mann, der sehr maskulin aussieht und auch so agiert. Butch
0%
Keine übereinstimmenden Quizze gefunden
Verteilung der Resultate
Anzahl Personen mit jedem Resultat
Perzentil nach korrekt beantworteten Fragen
Ihre Resultats-Entwicklung
Sie haben dieses Quiz noch nicht gespielt